Нелинейная механика сплошной среды: учебное пособие

Chi tiết về thư mục
Tác giả chính: Димитриенко Ю. И. Юрий Иванович
Tóm tắt:Учебное пособие посвящено систематизированному изложению основ механики сплошной среды при конечных деформациях. Рассмотрена кинематика сплошных сред, универсальные законы сохранения механики сплошной среды, теория скачков функций на поверхностях сильных разрывов. В систематизированном виде приводится теория коротационных производных, динамические уравнения совместности деформаций, принципы материальной индифферентности и материальной симметрии. Предложен новый подход к формулировке определяющих соотношений для упругих и неупругих сред с конечными деформациями, основанный на применении энергетических и квазиэнергетических пар тензоров напряжений-деформаций. С помощью этого подхода изложена теория конечных упругих и вязкоупругих деформаций, теория больших пластических деформаций, теория анизотропных сред с большими деформациями. В учебном пособии содержится значительное число упражнений. Учебное пособие предназначено студентам и аспирантам, обучающимся по физико-математическим и машиностроительным специальностям, а также специалистам, занимающимся различными вопросами механики сплошной среды.
Ngôn ngữ:Tiếng Nga
Được phát hành: Москва, Физматлит, 2009
Những chủ đề:
Định dạng: MixedMaterials Sách
KOHA link:https://koha.lib.tpu.ru/cgi-bin/koha/opac-detail.pl?biblionumber=177018

MARC

LEADER 00000nam0a2200000 4500
001 177018
005 20231101223317.0
010 |a 9785922111102 
035 |a (RuTPU)RU\TPU\book\191924 
090 |a 177018 
100 |a 20100310d2009 m y0rusy50 ca 
101 0 |a rus 
102 |a RU 
105 |a y j 001zy 
200 1 |a Нелинейная механика сплошной среды  |e учебное пособие  |f Ю. И. Димитриенко 
210 |a Москва  |c Физматлит  |d 2009 
215 |a 624 с. 
320 |a Библиогр.: с. 616-618. 
320 |a Предмет. указатель: с. 619-623. 
330 |a Учебное пособие посвящено систематизированному изложению основ механики сплошной среды при конечных деформациях. Рассмотрена кинематика сплошных сред, универсальные законы сохранения механики сплошной среды, теория скачков функций на поверхностях сильных разрывов. В систематизированном виде приводится теория коротационных производных, динамические уравнения совместности деформаций, принципы материальной индифферентности и материальной симметрии. Предложен новый подход к формулировке определяющих соотношений для упругих и неупругих сред с конечными деформациями, основанный на применении энергетических и квазиэнергетических пар тензоров напряжений-деформаций. С помощью этого подхода изложена теория конечных упругих и вязкоупругих деформаций, теория больших пластических деформаций, теория анизотропных сред с большими деформациями. В учебном пособии содержится значительное число упражнений. Учебное пособие предназначено студентам и аспирантам, обучающимся по физико-математическим и машиностроительным специальностям, а также специалистам, занимающимся различными вопросами механики сплошной среды. 
606 1 |a Механика сплошных сред  |2 stltpush  |3 (RuTPU)RU\TPU\subj\43578  |9 63063 
610 1 |a учебные пособия 
610 1 |a сплошные среды 
610 1 |a нелинейная механика 
610 1 |a кинематика 
610 1 |a законы сохранения 
610 1 |a определяющие соотношения 
610 1 |a разрывы 
610 1 |a поверхности 
610 1 |a упругие среды 
610 1 |a фойгтовские среды 
610 1 |a вязкоупругие среды 
610 1 |a пластические среды 
610 1 |a конечные деформации 
675 |a 531/534(075.8)  |v 3 
700 1 |a Димитриенко  |b Ю. И.  |g Юрий Иванович 
801 1 |a RU  |b 63413507  |c 20100310 
801 2 |a RU  |b 63413507  |c 20100603  |g RCR 
942 |c BK 
959 |a 13/20100310  |d 1  |e 605,00  |f ЧЗТЛ:1